[Event "XVIII Najdorf Open 2018"]
[Site "Warsaw"]
[Date "2018.07.13"]
[Round "6"]
[White "Buksa, Nataliya"]
[Black "Sengupta, Deep"]
[Result "1/2-1/2"]
[WhiteElo "2337"]
[BlackElo "2565"]
[Annotator "ChessBase"]
[PlyCount "60"]
[EventDate "2018.07.08"]
[EventCountry "POL"]
[SourceTitle "playchess.com"]
[Source "ChessBase"]
[SourceQuality "1"]

1. e4 e5 2. Nf3 Nc6 3. Bb5 a6 4. Ba4 Nf6 5. O-O Be7 6. Re1 b5 7. Bb3 d6 8. c3 O-O 9. h3 Na5 10. Bc2 c5 11. d4 Nd7 12. a4 Bb7 13. d5 Qc7 14. b4 Nc4 15. Nfd2 Nxd2 16. Bxd2 Nb6 17. bxc5 dxc5 18. Qe2 Nc4 19. Na3 Nxa3 20. Rxa3 c4 21. Raa1 Rab8 22. axb5 axb5 23. Reb1 Bc8 24. Be3 Rb7 25. Ra8 Bd7 26. Rba1 Rxa8 27. Rxa8+ Rb8 28. Ra7 Rb7 29. Ra8+ Rb8 30. Ra7 Rb7 1/2-1/2

[Event "XVIII Najdorf Open 2018"]
[Site "Warsaw"]
[Date "2018.07.13"]
[Round "6"]
[White "Chylewski, Patryk"]
[Black "Sliwicki, Damian"]
[Result "0-1"]
[WhiteElo "2335"]
[BlackElo "2193"]
[Annotator "NA"]
[PlyCount "62"]
[EventDate "2018.07.08"]
[EventCountry "POL"]
[SourceTitle "playchess.com"]
[Source "ChessBase"]
[SourceQuality "1"]

1. d4 Nf6 2. c4 e6 3. Nf3 d5 4. Bg5 Nbd7 5. Nc3 Bb4 6. e3 c5 7. cxd5 exd5 8. Bb5 Qa5 9. Bxd7+ Bxd7 10. Bxf6 gxf6 11. O-O c4 12. Ne2 O-O-O 13. Ng3 Kb8 14. a3 Bd6 15. Nh4 Rhg8 16. Nhf5 Bc7 17. Qf3 Be6 18. Rab1 Qb6 19. Rfc1 h5 20. h4 Rg4 21. Nxh5 Rdg8 22. g3 R4g6 23. Ne7 Bg4 24. Qxd5 Bxh5 25. Nxg8 Bxg3 26. fxg3 Qc7 27. Qxh5 Qxg3+ 28. Kf1 Qg1+ 29. Ke2 Rg2+ 30. Kf3 Rf2+ 31. Ke4 Qg2+ 0-1

[Event "XVIII Najdorf Open 2018"]
[Site "Warsaw"]
[Date "2018.07.13"]
[Round "6"]
[White "Hassan, Abdullah"]
[Black "Bharath, Subramaniyam H"]
[Result "1/2-1/2"]
[WhiteElo "2335"]
[BlackElo "2231"]
[Annotator "NA"]
[PlyCount "135"]
[EventDate "2018.07.08"]
[EventCountry "POL"]
[SourceTitle "playchess.com"]
[Source "ChessBase"]
[SourceQuality "1"]

1. d4 Nf6 2. Nf3 c5 3. e3 d5 4. c3 Nc6 5. Bd3 e6 6. O-O Be7 7. Nbd2 O-O 8. dxc5 Bxc5 9. e4 Bd6 10. Qe2 Qc7 11. Rd1 h6 12. h3 Bd7 13. Bc2 Rfe8 14. Qd3 Rac8 15. a3 a6 16. exd5 exd5 17. Nb3 Ne5 18. Nxe5 Bb5 19. Qf3 Bxe5 20. Be3 Ba4 21. Rac1 Rcd8 22. Nd4 Bxc2 23. Rxc2 Ne4 24. Nf5 Qc4 25. Rcc1 Re6 26. Bd4 Ng5 27. Qg4 Bxd4 28. Rxd4 Qe2 29. h4 Qxg4 30. Rxg4 Re4 31. Rxe4 Nxe4 32. Rd1 Kf8 33. Rd4 Rd7 34. f3 Nf6 35. g4 b5 36. Kf2 Ng8 37. a4 g6 38. Ne3 Ne7 39. axb5 axb5 40. Rb4 Rb7 41. Rd4 Rd7 42. Ke2 f6 43. Rd1 Kf7 44. Nc2 Nc6 45. Nd4 Nxd4+ 46. Rxd4 Ke6 47. Rb4 Rb7 48. Kd3 Ke5 49. f4+ Kd6 50. Rb3 h5 51. gxh5 gxh5 52. Ra3 Ke6 53. Ke3 Kf5 54. Kf3 Re7 55. Rb3 Re4 56. Rxb5 Rxf4+ 57. Kg3 Rg4+ 58. Kh3 Ke6 59. Rb8 Re4 60. Re8+ Kf5 61. Rxe4 dxe4 62. Kg3 Ke5 63. b4 f5 64. b5 f4+ 65. Kf2 Kd5 66. c4+ Kc5 67. Ke2 Kb6 68. Kf2 1/2-1/2

[Event "XVIII Najdorf Open 2018"]
[Site "Warsaw"]
[Date "2018.07.13"]
[Round "6"]
[White "Kosakowski, Jakub"]
[Black "Markowski, Tomasz"]
[Result "0-1"]
[WhiteElo "2324"]
[BlackElo "2561"]
[Annotator "TA"]
[PlyCount "54"]
[EventDate "2018.07.08"]
[EventCountry "POL"]
[SourceTitle "playchess.com"]
[Source "ChessBase"]
[SourceQuality "1"]

{[%evp 20,54,6,8,7,-13,0,-46,-46,-46,-51,-49,0,-39,-38,-23,-40,-41,-33,-64,-67,-54,-37,-150,-115,-188,-189,-187,-183,-276,-275,-659,-657,-660,-646,-733,-631]} 1. e4 c5 2. Nf3 e6 3. d4 cxd4 4. Nxd4 a6 5. c4 Nf6 {[%cal Bg8f6,Bf6e8,Be8d6,Bd6e4][%mdl 32]} 6. Nc3 Bb4 7. Qd3 {B41: Sicilian: Kan Variation: 5 c4} O-O (7... Qc7 8. Nc2 Bc5 9. Be2 O-O 10. O-O Nc6 11. Kh1 d6 12. f4 Bd7 13. a3 Rad8 14. b4 Ba7 {½-½ (115) Karjakin,S (2782)-Caruana,F (2816) Paris 2018}) 8. e5 Ne8 9. Nc2 Be7 10. Be2 Nc6 11. Bf4 {LiveBook: 3 Games} d6 12. exd6 Nxd6 13. O-O-O $146 {[%cal Rf4d6]} ({Predecessor:} 13. Bxd6 Bxd6 14. O-O-O Bc7 15. Qxd8 Rxd8 16. Rxd8+ Nxd8 {0-1 (42) Schnider,G (2414)-Pantsulaia,L (2593) Batumi 2018}) 13... e5 14. Be3 Bf5 15. Qd2 $1 Ne4 16. Qe1 {[#]} (16. Qxd8 {seems wilder.} Bxd8 17. Nd5 Nf6 18. f3 Rc8 19. Nb6) 16... Nxc3 $1 {[%mdl 512]} 17. Rxd8 (17. bxc3 Qa5) 17... Nxa2+ 18. Kb1 Rfxd8 19. Kxa2 {Strongly threatening Na3.} Bxc2 20. Bb6 Rd7 21. Bf3 (21. Qc3 $15) 21... Rc8 22. Bxc6 (22. Ka1 $17) 22... Rxc6 $19 23. Qc3 {[#]} Bf5 $1 ({Not} 23... Rxb6 24. Qxc2 Rbd6 25. Qe4 $11) 24. Qxe5 {[#]} (24. c5 {keeps fighting.}) 24... Be6 $1 25. Be3 $2 (25. Qb8+ Bf8 26. Be3) 25... Rxc4 {Black is clearly winning.} 26. Kb1 Rd5 27. Qb8+ Rc8 {Precision: White = 14%, Black = 88%.} 0-1

[Event "XVIII Najdorf Open 2018"]
[Site "Warsaw"]
[Date "2018.07.13"]
[Round "6"]
[White "Michalczak, Thomas"]
[Black "Kowalczyk, Rafal"]
[Result "0-1"]
[WhiteElo "2309"]
[BlackElo "2209"]
[Annotator "NA"]
[PlyCount "90"]
[EventDate "2018.07.08"]
[EventCountry "POL"]
[SourceTitle "playchess.com"]
[Source "ChessBase"]
[SourceQuality "1"]

1. e4 e5 2. Nf3 Nc6 3. Bb5 a6 4. Ba4 Nf6 5. O-O Be7 6. Re1 b5 7. Bb3 d6 8. c3 O-O 9. h3 Nd7 10. d4 Nb6 11. Nbd2 exd4 12. cxd4 Nb4 13. Nf1 c5 14. a3 Nc6 15. d5 Na5 16. Bc2 Bf6 17. Rb1 Nac4 18. N3h2 Re8 19. f4 b4 20. Nf3 bxa3 21. bxa3 g6 22. Bd3 Bd7 23. Qb3 Ba4 24. Qa2 Bb5 25. Kh1 Rb8 26. Qc2 Ba4 27. Qe2 Na5 28. Ne3 Qc7 29. e5 Bg7 30. Bb2 Nd7 31. Ng4 f5 32. Nf2 c4 33. exd6 Qxd6 34. Qxe8+ Rxe8 35. Rxe8+ Nf8 36. Bxg7 Kxg7 37. Rxf8 Kxf8 38. Rb4 Bb5 39. Bc2 Qxf4 40. Rb1 Qe3 41. Kg1 Qc3 42. Bd1 Nb3 43. Bxb3 cxb3 44. d6 Qc2 45. Rd1 b2 0-1

[Event "XVIII Najdorf Open 2018"]
[Site "Warsaw"]
[Date "2018.07.13"]
[Round "6"]
[White "Walter, Szymon"]
[Black "Klekowski, Maciej"]
[Result "1/2-1/2"]
[WhiteElo "2296"]
[BlackElo "2509"]
[Annotator "TA"]
[PlyCount "118"]
[EventDate "2018.07.08"]
[EventCountry "POL"]
[SourceTitle "playchess.com"]
[Source "ChessBase"]
[SourceQuality "1"]

{[%evp 33,118,0,0,0,0,0,24,32,166,29,179,-113,-106,-107,-127,-150,-143,-147,-60,-53,-66,-77,-77,-80,-64,-62,-63,-64,-46,-64,0,-8,0,-14,-22,0,0,-39,118,118,342,295,350,345,335,284,277,275,308,277,312,314,294,264,418,410,437,447,433,418,445,421,992,688,553,429,348,323,321,229,198,16,16,16,16,16,16,12,60,20,1574,0,20,12,8,0,20]} 1. e4 e5 2. Nf3 Nc6 3. Bb5 a6 4. Ba4 Nf6 5. O-O Be7 6. Re1 b5 7. Bb3 d6 8. c3 O-O 9. d4 Bg4 10. Be3 exd4 11. cxd4 Na5 12. Bc2 c5 13. h3 Bh5 {C91: Closed Ruy Lopez: 7...d6 8 c3 0-0 9 d4} 14. Nbd2 Nd7 15. g4 Bg6 16. d5 Bf6 17. Rb1 Re8 {LiveBook: 6 Games} 18. h4 {[%cal Bh3h4,Bh4g5][%mdl 32]} h6 $1 (18... Bxh4 19. g5 $16) 19. g5 {[#]} hxg5 $146 ({Predecessor:} 19... Bh5 20. gxf6 Qxf6 21. b3 {½-½ (30) Papenin,N (2687)-Noble,M (2502) ICCF email 2013}) 20. hxg5 Bh5 (20... Bd4 $1 $14) 21. Kg2 (21. gxf6 $18 Ne5 22. Kg2) 21... Nc4 (21... Bd4 $1 $11 {and Black is okay.}) 22. Rh1 $2 (22. gxf6 $18 {Hoping for Nxc4.} Qxf6 23. Rh1 Qg6+ 24. Kf1 (24. Bg5 Bxf3+ 25. Nxf3 Nde5 $15) 24... Nxd2+ 25. Bxd2) 22... Nxe3+ $17 23. fxe3 Bxf3+ $1 24. Nxf3 Bxg5 25. Rh5 {[#]} Bh6 (25... Bf6 $1 $17 26. Rh1 g6) 26. Qh1 $1 $15 Qf6 {White must now prevent ...Qg6+.} 27. Qh3 Ne5 28. Nh2 Kf8 29. Rf1 Qg6+ $1 30. Kh1 Ke7 31. Nf3 {And now Rxe5+ would win.} Nxf3 ({Black should try} 31... Kd8 $1 $15) 32. Qxf3 f6 33. Rf2 Qf7 (33... Bxe3 $2 34. e5 $18) 34. e5 $1 $36 {[%cal Re5d6][%mdl 2048] Black is under pressure.} dxe5 35. Rxe5+ Kd6 $2 {[#]} (35... Kf8 $15 {stays ahead.} 36. Re6 Rad8) 36. Re6+ $1 $16 {[%mdl 512]} Kc7 $2 (36... Rxe6 $16 {is a better defense.} 37. dxe6 Qxe6) 37. Qg3+ $18 Kb7 38. Bg6 Qd7 39. Bxe8 Rxe8 40. Qf3 Kb8 41. Rxe8+ (41. Rxa6 Rxe3 42. Qf5 Qxf5 $16) 41... Qxe8 {[%mdl 4096] Endgame [#] KQR-KQB} 42. d6 $1 Qd7 43. Rd2 Ka7 (43... g6 $142 44. Qxf6 Qh3+ 45. Rh2 Qxe3 46. Qh8+ (46. Qxg6 Qf3+ 47. Qg2 Qd1+ 48. Qg1 Qd5+ 49. Qg2 Qd1+ 50. Qg1 Qd5+ 51. Qg2 Qd1+ $11) 46... Kb7 47. Qxh6 Qe1+ 48. Kg2 Qe2+ 49. Kg3 Qd3+ 50. Kf2 Qd4+ 51. Qe3 Qxd6 52. Rh7+ Kb6) 44. Kh2 f5 45. Rd5 Kb6 46. e4 fxe4 47. Qxe4 Ka5 (47... g6 $142 48. b4 (48. Qxg6 Bf4+ 49. Kg2 c4 $18) 48... cxb4) 48. Kg2 g6 49. a4 Bf8 50. axb5 ({But not} 50. Qxg6 Kb6 $18) 50... axb5 51. Qxg6 Kb6 52. Qd3 $2 (52. Kf2 $18) 52... Kc6 $1 $11 53. Rf5 {Strongly threatening Qf3+.} Bxd6 54. Qd5+ Kb6 55. Kf2 {aiming for Rf6.} Qe7 56. Kf3 {b4! is the strong threat.} Qd7 $2 {[%mdl 8192]} (56... Bc7 $11) 57. Kf2 $2 ({White has to play} 57. Rf6 $18 Qh3+ 58. Ke2) 57... Ka5 {The position is equal.} 58. Qa2+ Kb6 59. Qd5 Ka5 {Precision: White = 55%, Black = 39%.} 1/2-1/2

[Event "XVIII Najdorf Open 2018"]
[Site "Warsaw"]
[Date "2018.07.13"]
[Round "6"]
[White "Mehar, Chinna Reddy C.h."]
[Black "Das, Arghyadip"]
[Result "0-1"]
[WhiteElo "2286"]
[BlackElo "2436"]
[Annotator "TA"]
[PlyCount "82"]
[EventDate "2018.07.08"]
[EventCountry "POL"]
[SourceTitle "playchess.com"]
[Source "ChessBase"]
[SourceQuality "1"]

{[%evp 16,82,21,-43,-17,-18,-2,-15,-12,-12,6,-49,-32,-25,-35,-25,-24,-34,-24,-25,-32,-73,-88,-114,-89,-140,-134,-146,-151,-161,-154,-189,-135,-202,-137,-122,-116,-217,-107,-103,-87,-102,-99,-69,-57,-82,-47,-370,-136,-125,-131,-111,-12,-8,0,0,0,-435,-424,-404,-164,-707,-363,-29984,-29985,-29995,-29996,-29997,-29998]} 1. d4 Nf6 2. Bf4 c5 3. e3 e6 4. c3 Nc6 5. Nd2 d5 6. Ngf3 cxd4 7. exd4 {D02: 1 d4 d5 2 Nf3 sidelines, including 2...Nf6 3 g3 and 2...Nf6 3 Bf4} (7. cxd4 Qb6 8. Rb1 Nh5 9. Bg5 h6 10. Bh4 g5 11. Bg3 g4 12. Ne5 Nxg3 13. hxg3 Nxe5 14. dxe5 h5 {½-½ (30) Artemiev,V (2701)-Adhiban,B (2661) Sharjah 2018}) 7... Nh5 8. Bg5 f6 9. Bh4 {LiveBook: 6 Games} (9. Be3 $11 Bd6 10. g3) 9... g6 10. Be2 Bg7 $146 ({Predecessor:} 10... Bd6 11. O-O O-O 12. Bd3 Bd7 13. Re1 Rc8 14. Ne5 Be8 {1-0 (76) Dahlgren,J (1809)-Martin Duque,J (2346) Lisbon 2018}) 11. O-O O-O 12. Ne1 Nf4 13. Bb5 (13. Bf3 $11) 13... g5 14. Bg3 e5 15. Bxf4 gxf4 16. Nd3 Bf5 17. Nc5 Ne7 18. Be2 b6 19. Ncb3 Kh8 20. c4 ({White should try} 20. Bg4) 20... e4 $17 21. cxd5 Bg6 ({Of course not} 21... Qxd5 $6 22. Bc4 $11) (21... Nxd5 22. Qb1 $11) 22. Bc4 Nxd5 23. Nc1 Bh6 (23... f5 $19 24. Ne2 Bh5) 24. Ne2 (24. Qb3 $17 {keeps fighting.} Nc7 25. Qh3) 24... f5 25. Bxd5 Qxd5 26. Qb3 (26. f3 $17 {was called for.}) 26... Qd8 (26... Qxb3 $19 {and Black stays clearly on top.} 27. Nxb3 f3) 27. f3 Rc8 28. Rac1 Rxc1 29. Rxc1 Rg8 30. Qb5 Bg7 {[%cal Bh6g7,Bg7d4,Bd4e3][%mdl 32]} 31. d5 $2 {[%mdl 8192] [#]} (31. Kh1 $15) 31... Qg5 $2 (31... Be8 $19 {is more deadly.} 32. Qc4 Bxb2) 32. Kh1 Be8 33. Qc4 Bb5 ({Black should play} 33... Bxb2 $17 {[%csl Gg8][%cal Rg5g2]} 34. Rg1 Bf7 35. fxe4 fxe4) 34. Qxb5 $11 Bd4 {[%csl Gg8][%cal Rg5g2]} 35. Nxf4 Qxf4 $40 {[%mdl 128] Black is up to no good.} 36. Qe2 $2 {[%mdl 8192] [#]} (36. Rd1 $1 $11 {and White has nothing to worry.}) 36... exf3 $1 $19 ({And not} 36... Bxb2 37. Rd1 $14) 37. gxf3 Qg5 (37... Be3 $142 38. d6 Bxd2) 38. h3 $2 (38. h4 Qxh4+ 39. Qh2 Qxh2+ 40. Kxh2) 38... Be3 {And now ...Qh4 would win.} 39. Rd1 $2 (39. Qh2 $19 Bxd2 40. Qe5+ Qg7 41. Qxg7+ Rxg7 42. Rc8+ Rg8 43. Rc7) 39... Qh4 {Black mates.} 40. d6 Rg3 ({Weaker is} 40... Qxh3+ 41. Qh2 $17) 41. Nf1 Rg1+ {Precision: White = 27%, Black = 42%.} 0-1

[Event "XVIII Najdorf Open 2018"]
[Site "Warsaw"]
[Date "2018.07.13"]
[Round "6"]
[White "Sliwicka, Alicja"]
[Black "Domanski, Lukasz"]
[Result "1-0"]
[WhiteElo "2274"]
[BlackElo "2028"]
[Annotator "NA"]
[PlyCount "25"]
[EventDate "2018.07.08"]
[EventCountry "POL"]
[SourceTitle "playchess.com"]
[Source "ChessBase"]
[SourceQuality "1"]

1. e4 e5 2. Nf3 Nc6 3. Bc4 Nf6 4. d3 h6 5. O-O d6 6. c3 g6 7. d4 Bg4 8. Qb3 Qd7 9. Bxf7+ Qxf7 10. Qxb7 Rd8 11. Qxc6+ Qd7 12. Qxd7+ Nxd7 13. Nbd2 1-0

[Event "XVIII Najdorf Open 2018"]
[Site "Warsaw"]
[Date "2018.07.13"]
[Round "6"]
[White "Siekanski, Janusz"]
[Black "Deszczynski, Adam"]
[Result "1/2-1/2"]
[WhiteElo "2269"]
[BlackElo "2345"]
[Annotator "NA"]
[PlyCount "74"]
[EventDate "2018.07.08"]
[EventCountry "POL"]
[SourceTitle "playchess.com"]
[Source "ChessBase"]
[SourceQuality "1"]

1. d4 Nf6 2. c4 e6 3. Nc3 Bb4 4. e3 O-O 5. Bd3 d5 6. a3 Bxc3+ 7. bxc3 c5 8. cxd5 exd5 9. Ne2 b6 10. O-O Ba6 11. f3 Re8 12. Ng3 Bxd3 13. Qxd3 Nc6 14. Bb2 Rc8 15. Rae1 Re7 16. e4 cxd4 17. cxd4 Rec7 18. e5 Ne8 19. f4 Na5 20. f5 Rc2 21. Re2 Qc7 22. f6 Rxe2 23. Qxe2 Qc2 24. Qg4 Rc7 25. fxg7 Qg6 26. Qf3 Qe6 27. Nf5 Nxg7 28. Ne3 Rd7 29. Ng4 Ne8 30. Bc1 Nc6 31. Nh6+ Kf8 32. Nf5 Ne7 33. Bh6+ Kg8 34. Nxe7+ Rxe7 35. Qe3 Qg6 36. Rf3 Qb1+ 37. Kf2 Qc2+ 1/2-1/2

[Event "XVIII Najdorf Open 2018"]
[Site "Warsaw"]
[Date "2018.07.13"]
[Round "6"]
[White "Dhulipalla, Bala Chandra Prasad"]
[Black "Percivaldi, Martin"]
[Result "1-0"]
[WhiteElo "2268"]
[BlackElo "2393"]
[Annotator "NA"]
[PlyCount "61"]
[EventDate "2018.07.08"]
[EventCountry "POL"]
[SourceTitle "playchess.com"]
[Source "ChessBase"]
[SourceQuality "1"]

1. c4 e6 2. Nf3 d5 3. g3 Nf6 4. Bg2 dxc4 5. Na3 Bxa3 6. bxa3 Nbd7 7. Qa4 a6 8. Qxc4 b5 9. Qc2 Bb7 10. O-O c5 11. Bb2 Rc8 12. a4 Nb6 13. axb5 axb5 14. Rab1 Ba6 15. d4 c4 16. Ba3 Nbd5 17. e4 Ne7 18. d5 exd5 19. exd5 O-O 20. Rfd1 Rb8 21. Ne5 b4 22. Rxb4 Re8 23. d6 Rxb4 24. Bxb4 Ned5 25. Bxd5 Rxe5 26. Bxc4 Bb7 27. Bc3 Rh5 28. Qb3 Qd7 29. Bxf7+ Kh8 30. Bxf6 Qc6 31. Qxb7 1-0

[Event "XVIII Najdorf Open 2018"]
[Site "Warsaw"]
[Date "2018.07.13"]
[Round "6"]
[White "Chomczyk, Marek"]
[Black "Oglaza, Oskar"]
[Result "1/2-1/2"]
[WhiteElo "2247"]
[BlackElo "2344"]
[Annotator "NA"]
[PlyCount "83"]
[EventDate "2018.07.08"]
[EventCountry "POL"]
[SourceTitle "playchess.com"]
[Source "ChessBase"]
[SourceQuality "1"]

1. d4 Nf6 2. Nf3 e6 3. Bf4 b6 4. e3 Bb7 5. Bd3 d5 6. Nbd2 Be7 7. h3 Nbd7 8. O-O O-O 9. Ne5 Nxe5 10. Bxe5 g6 11. c3 Nd7 12. Bf4 Bf6 13. Bh6 Bg7 14. Bxg7 Kxg7 15. f4 f6 16. e4 dxe4 17. Bxe4 Bxe4 18. Nxe4 c5 19. d5 Re8 20. Nd6 Re7 21. dxe6 Nf8 22. f5 Qc7 23. Qd5 Rd8 24. Rad1 Kg8 25. fxg6 Rxe6 26. Rxf6 Rdxd6 27. gxh7+ Qxh7 28. Qxd6 Rxd6 29. Rfxd6 Qe4 30. Rd8 Kg7 31. Rf1 Ng6 32. Rd7+ Kh6 33. Rdf7 Ne5 34. Rxa7 Nc4 35. Raf7 Nxb2 36. g3 Qe3+ 37. Kh2 Nd3 38. R1f6+ Kh5 39. h4 Qe2+ 40. Kh3 Qg4+ 41. Kh2 Qe2+ 42. Kh3 1/2-1/2

[Event "XVIII Najdorf Open 2018"]
[Site "Warsaw"]
[Date "2018.07.13"]
[Round "6"]
[White "Sowul, Bartosz"]
[Black "Kucza, Karol"]
[Result "0-1"]
[WhiteElo "2242"]
[BlackElo "2308"]
[Annotator "NA"]
[PlyCount "156"]
[EventDate "2018.07.08"]
[EventCountry "POL"]
[SourceTitle "playchess.com"]
[Source "ChessBase"]
[SourceQuality "1"]

1. Nf3 Nf6 2. e3 d5 3. c4 c6 4. Nc3 e6 5. b3 Nbd7 6. Bb2 Bd6 7. Be2 O-O 8. O-O {A11: English Opening: 1...c6} e5 9. cxd5 cxd5 10. Nb5 {[%c38]} Bb8 11. Ba3 e4 12. Nfd4 Re8 13. Nd6 Bxd6 14. Bxd6 Ne5 {[#]} 15. Ba3 $146 ({Predecessor:} 15. Bxe5 Rxe5 {1-0 (56) Inarkiev,E (2660)-Sychev,K (2414) Moscow 2015}) 15... Bg4 16. f3 exf3 17. gxf3 Bh3 18. Rf2 a6 19. Bb2 Rc8 20. Kh1 Qa5 21. Qg1 Bd7 22. Bf1 Qd8 23. Rg2 g6 24. Be2 Qe7 25. Re1 Nc6 26. Bd3 Nh5 27. Rd1 Nxd4 28. Bxd4 Ng7 29. Bb2 Bf5 30. Bxg7 Bxd3 31. Bd4 Rc2 32. h4 Rec8 33. a4 Qe6 34. Qh2 Qf5 35. Qg3 Rc1 36. Rxc1 Rxc1+ 37. Rg1 Rc8 38. b4 h6 39. Kg2 Kh7 40. Qe5 Qxe5 41. Bxe5 Rc6 42. Bc3 f6 43. Kf2 g5 44. Rg4 Kg6 45. Rd4 Bc4 46. Kg3 Bb3 47. b5 axb5 48. axb5 Rb6 49. Rb4 Bc4 50. e4 Rxb5 51. Rxb5 Bxb5 52. exd5 Kf5 53. Bd4 Bd7 54. Bc3 b5 55. Bb4 Kg6 56. Be7 Kf7 57. Bc5 Bc8 58. Bb4 Bb7 59. d6 Bc8 60. h5 Bd7 61. Bc3 Ke6 62. f4 Kf5 63. d3 gxf4+ 64. Kf3 Bc6+ 65. Kf2 Kg5 66. d4 Kxh5 67. d5 Bd7 68. Kf3 Kg5 69. Bd2 Kf5 $19 70. Bxf4 h5 71. Bd2 Ke5 72. Bf4+ Kxd5 73. Kg3 b4 74. Kh4 b3 75. Bc1 Kxd6 76. Kxh5 Kd5 77. Kh4 Ke4 78. Kg3 Kd3 0-1

[Event "XVIII Najdorf Open 2018"]
[Site "Warsaw"]
[Date "2018.07.13"]
[Round "6"]
[White "Spitzl, Vinzent"]
[Black "Karpus, Michal"]
[Result "1/2-1/2"]
[WhiteElo "2241"]
[BlackElo "2364"]
[Annotator "NA"]
[PlyCount "97"]
[EventDate "2018.07.08"]
[EventCountry "POL"]
[SourceTitle "playchess.com"]
[Source "ChessBase"]
[SourceQuality "1"]

1. e4 e5 2. Nf3 Nc6 3. Bb5 a6 4. Ba4 Nf6 5. O-O Be7 6. Re1 b5 7. Bb3 d6 8. c3 O-O 9. h3 Na5 10. Bc2 c5 11. d4 Nd7 12. a4 Bb7 13. d5 c4 14. Be3 f5 15. exf5 Nf6 16. Ng5 Bxd5 17. f4 Qd7 18. Nd2 h6 19. fxe5 dxe5 20. Ngf3 Qb7 21. Qe2 Rfe8 22. Bf2 Nb3 23. Bxb3 cxb3 24. axb5 axb5 25. Rxa8 Qxa8 26. Qxb5 e4 27. Nd4 e3 28. Rxe3 Qa1+ 29. Nf1 Qxb2 30. c4 Bf7 31. Rxb3 Qc1 32. Ne6 Rc8 33. Qe5 Qxc4 34. Rb7 Bxe6 35. Rxe7 Bf7 36. Ne3 Qc1+ 37. Kh2 Qd2 38. Bg3 Re8 39. Rxe8+ Nxe8 40. Bf4 Qd7 41. h4 h5 42. Kh3 Nf6 43. Bg5 Nd5 44. Nc4 Ne7 45. Ne3 Nxf5 46. Nxf5 Be6 47. g4 hxg4+ 48. Kxg4 g6 49. Bf4 1/2-1/2

[Event "XVIII Najdorf Open 2018"]
[Site "Warsaw"]
[Date "2018.07.13"]
[Round "6"]
[White "Balasubramaniam, H."]
[Black "Miroshnichenko, Pavel"]
[Result "1/2-1/2"]
[WhiteElo "2219"]
[BlackElo "2304"]
[Annotator "NA"]
[PlyCount "57"]
[EventDate "2018.07.08"]
[EventCountry "POL"]
[SourceTitle "playchess.com"]
[Source "ChessBase"]
[SourceQuality "1"]

1. e4 g6 2. d4 Bg7 3. Nf3 d6 4. Nc3 a6 5. a4 Nf6 6. Be2 O-O 7. h3 b6 8. O-O Bb7 9. e5 Nd5 10. Nxd5 Bxd5 11. c4 Bb7 12. e6 Bxf3 13. Bxf3 c6 14. exf7+ Kh8 15. Qb3 Bxd4 16. Rd1 Bg7 17. Be3 Nd7 18. Bxc6 Rb8 19. Bxd7 Qxd7 20. Bxb6 Qf5 21. Qe3 Qxf7 22. Bd4 Bxd4 23. Qxd4+ Qg7 24. Qxg7+ Kxg7 25. Rd2 Rb4 26. Rc2 Rfb8 27. c5 Rxb2 28. Rxb2 Rxb2 29. Rc1 1/2-1/2

[Event "XVIII Najdorf Open 2018"]
[Site "Warsaw"]
[Date "2018.07.13"]
[Round "6"]
[White "Mulet, Piotr"]
[Black "Paszewski, Mateusz"]
[Result "1/2-1/2"]
[WhiteElo "2202"]
[BlackElo "2293"]
[Annotator "NA"]
[PlyCount "39"]
[EventDate "2018.07.08"]
[EventCountry "POL"]
[SourceTitle "playchess.com"]
[Source "ChessBase"]
[SourceQuality "1"]

1. e4 c5 2. c3 d5 3. exd5 Qxd5 4. d4 Nf6 5. Nf3 e6 6. Na3 Nc6 7. Be2 Qd8 8. Nc2 Be7 9. O-O O-O 10. dxc5 Bxc5 11. Bg5 b6 12. Nfd4 Nxd4 13. Nxd4 Bxd4 14. Qxd4 Qxd4 15. cxd4 Bb7 16. Rac1 Rac8 17. Rxc8 Rxc8 18. Rc1 Rxc1+ 19. Bxc1 Kf8 20. g3 1/2-1/2

[Event "XVIII Najdorf Open 2018"]
[Site "Warsaw"]
[Date "2018.07.13"]
[Round "6"]
[White "Kubicka, Anna"]
[Black "Kowalski, Igor"]
[Result "1/2-1/2"]
[WhiteElo "2172"]
[BlackElo "2324"]
[Annotator "ChessBase"]
[PlyCount "119"]
[EventDate "2018.07.08"]
[EventCountry "POL"]
[SourceTitle "playchess.com"]
[Source "ChessBase"]
[SourceQuality "1"]

1. e4 g6 2. d4 Bg7 3. Nc3 a6 4. h4 h5 5. Nf3 d6 6. Bc4 Nh6 7. Bg5 c6 8. Qd2 b5 9. Bb3 Nd7 10. Qf4 f6 11. Bxh6 Bxh6 12. Qg3 Nf8 13. O-O Bg4 14. e5 d5 15. exf6 exf6 16. Rae1+ Ne6 17. Ne2 O-O 18. c3 Bf5 19. Rd1 Re8 20. Ne1 Ng7 21. Nf4 Re4 22. Nfd3 g5 23. hxg5 h4 24. Qh2 fxg5 25. f3 Re2 26. Ne5 Rc8 27. Ng4 Re6 28. Bc2 Qf8 29. Nxh6+ Rxh6 30. Bxf5 Nxf5 31. Rf2 Ne3 32. Rdd2 h3 33. g4 Re8 34. Nd3 Nc4 35. Rde2 Rf6 36. Rxe8 Qxe8 37. Re2 Qg6 38. Ne5 Nxe5 39. Qxe5 Rxf3 40. Qe6+ Qxe6 41. Rxe6 Rg3+ 42. Kh2 Rg2+ 43. Kxh3 Rxb2 44. Rxc6 Rxa2 45. Rg6+ Kf7 46. Rxg5 Ra3 47. Rxd5 Rxc3+ 48. Kh4 b4 49. Rd7+ Ke6 50. Rb7 a5 51. Rb5 Ra3 52. g5 b3 53. Rb6+ Kf5 54. g6 Ra1 55. Rxb3 Kxg6 56. Kg4 Rd1 57. Rb6+ Kf7 58. Kf5 Rxd4 59. Ke5 Rd1 60. Ra6 1/2-1/2

[Event "XVIII Najdorf Open 2018"]
[Site "Warsaw"]
[Date "2018.07.13"]
[Round "6"]
[White "Chyzy, Jakub"]
[Black "Monnisha, GK."]
[Result "1-0"]
[WhiteElo "2100"]
[BlackElo "2295"]
[Annotator "NA"]
[PlyCount "79"]
[EventDate "2018.07.08"]
[EventCountry "POL"]
[SourceTitle "playchess.com"]
[Source "ChessBase"]
[SourceQuality "1"]

1. e4 e5 2. Nf3 Nc6 3. Nc3 Nf6 4. d4 exd4 5. Nxd4 Bb4 6. Nxc6 bxc6 7. Bd3 d5 8. exd5 O-O 9. O-O cxd5 10. Bg5 c6 11. Qf3 Bd6 12. h3 Rb8 13. Rab1 h6 14. Bf4 Rb4 15. Bxd6 Qxd6 16. Ne2 Ne4 17. Rfd1 Ng5 18. Qg3 Qxg3 19. Nxg3 f5 20. a3 Rh4 21. f3 c5 22. b4 f4 23. Ne2 c4 24. Bg6 Rf6 25. Rxd5 Rxg6 26. Rd8+ Kh7 27. Rxc8 Nxf3+ 28. Kf2 Nd2 29. Rd1 Rd6 30. Ng1 Rh5 31. Re1 Rg5 32. Ree8 Ra6 33. Ne2 Rf5 34. Nd4 Rff6 35. b5 Rxa3 36. Nc6 f3 37. Ne5 Ne4+ 38. Kg1 f2+ 39. Kh2 Rxh3+ 40. gxh3 1-0